| 000 | 00538nam a22001817a 4500 | ||
|---|---|---|---|
| 003 | OSt | ||
| 005 | 20260305003747.0 | ||
| 008 | 260129b |||||||| |||| 00| 0 eng d | ||
| 020 | _a978-0-8048-4154-3 | ||
| 040 |
_aDWCL-Main Lib _cOC |
||
| 082 | _aGR. 635 R456t 2010 | ||
| 100 |
_aO"BOYLE, LILY GAMBOA / REYES, ELIZABETH V. _eAuthors |
||
| 245 | _aTropical gardens of the Philippines | ||
| 260 |
_aUSA : _b TUttle Publishing, _c c2010 |
||
| 300 |
_a224 p. : _bill. ; _c31 cm. |
||
| 650 | _aGardens - Philippines | ||
| 942 |
_2ddc _cGR _mGR. _n0 |
||
| 999 |
_c7978 _d7978 |
||